000 00488nam a2200181 a 4500
005 20140310183257.0
008 000525s19uu xx 00 eng d
020 _a9780140620962
050 _aPR 4750
_b.H268Und 1994
100 _aHardy, Thomas
245 _aUnder the greenwood tree /
_cThomas Hardy.
260 _aDenmark :
_bWordsworth Editions,
_c1994.
300 _a146 p. :
_c20 cm.
440 _aWordworth Classics
650 _aFiction
942 _cBK
_2lcc
999 _c20885
_d20885